Footballeurs en J (par images). - Statistiques

Statistiques générales
  • Ce quiz a été pris 521 fois
  • Le résultat moyen est 7 sur 12
Statistiques - réponses
Par images Réponse % Correct
Juninho
96%
Diogo Jota
91%
Jorginho
88%
Christophe Jallet
77%
Jesé
66%
Jairzinho
63%
Raúl Jiménez
61%
Luka Jović
56%
Joaquín
48%
Geoffrey Jourdren
45%
Adnan Januzaj
40%
Marek Jankulovski
10%
Aucun quiz correspondant
Distribution des résultats
% des personnes avec chaque résultat
Percentile par nombre de réponses
Votre historique - résultats
Vous n’avez pas pris ce quiz